00319nam a2200109Ia 4500008004100000041001200041100001800053245010600071260000600177650000600183700002000189221030s9999 xx 000 0 und d aEnglish aJ. G. Proakis 0aDigital Signal Processing - Principles, Algorithms & Applicationxscby J. G. Proakis, D. G. Manolakis c0 aB aD. G. Manolakis